[Event "Frankfurt Ch A 2016"]
[Site "Ffm-Höchst, BiKuZ"]
[Date "2016.05.02"]
[Round "2.13"]
[White "Rennhack, Peer"]
[Black "Schwenkreis, Thomas"]
[Result "1-0"]
[WhiteElo "1835"]
[BlackElo "2001"]
[PlyCount "121"]
[EventDate "2016.??.??"]
[WhiteTeam "Frankfurter TV"]
[BlackTeam "SV Oberursel"]

1. e4 e5 2. Nf3 Nc6 3. Bb5 Nge7 4. O-O d6 5. h3 g6 6. c3 Bg7 7. d4 O-O 8. Bg5
h6 9. Be3 Kh7 10. d5 Nb8 11. Nh2 c6 12. Be2 cxd5 13. exd5 Nd7 14. c4 f5 15. Nc3
a6 16. f4 exf4 17. Rxf4 Ne5 18. Bd4 Bd7 19. Rc1 b5 20. c5 dxc5 21. Bxc5 Re8 22.
d6 N7c6 23. Nd5 Rc8 24. Bb6 Qg5 25. h4 Qxf4 26. Nxf4 Nf7 27. Nxg6 Re6 28. Nf4
Rxd6 29. Qf1 Be5 30. Rd1 Nd4 31. Bxd4 Rxd4 32. Nd3 Bg7 33. Nf3 Rd6 34. Rc1 Rxc1
35. Qxc1 Rc6 36. Qf4 Rc4 37. Qd2 Bc8 38. Nde5 Nxe5 39. Nxe5 Rc5 40. Nf3 Bb7 41.
b4 Rd5 42. Qe3 Bc8 43. h5 Rd6 44. Qc5 Rd8 45. Qc7 Re8 46. Bd3 Kh8 47. Qf7 Rf8
48. Qe7 Kg8 49. Ne5 Bf6 50. Qc7 Be6 51. Ng6 Rd8 52. Qg3 Bg5 53. Qe5 Bxa2 54.
Bxf5 Kf7 55. Qc7+ Ke8 56. Qg7 Rd1+ 57. Kh2 Kd8 58. Qf8+ Kc7 59. Qc8+ Kb6 60.
Qc5+ Kb7 61. Be4+ 1-0

[Event "Frankfurt Ch A 2016"]
[Site "Ffm-Höchst, BiKuZ"]
[Date "2016.05.02"]
[Round "2.14"]
[White "Sachse, Günter"]
[Black "Winand, Edgar"]
[Result "0-1"]
[WhiteElo "1989"]
[BlackElo "1828"]
[PlyCount "86"]
[EventDate "2016.??.??"]
[WhiteTeam "SK Langen"]
[BlackTeam "SC Flörsheim"]

1. e4 d6 2. d4 g6 3. f4 Bg7 4. Nf3 c5 5. d5 e6 6. Bb5+ Bd7 7. Bxd7+ Qxd7 8.
dxe6 fxe6 9. O-O Ne7 10. c3 O-O 11. Be3 Nbc6 12. Nbd2 b6 13. Qe2 d5 14. Rad1
Rad8 15. e5 Qe8 16. Nb3 Nb8 17. Qc2 Qc6 18. Bc1 a5 19. g4 Nd7 20. Rf2 Rde8 21.
Rdf1 Qa4 22. Ng5 Nc6 23. Qe2 c4 24. Nd4 Nc5 25. Rf3 h6 26. b3 cxb3 27. axb3
Nxd4 28. cxd4 Qxd4+ 29. Be3 Qd3 30. Qxd3 Nxd3 31. Bxb6 Nxf4 32. Rxf4 Rxf4 33.
Rxf4 hxg5 34. Rf3 Ra8 35. Bc7 Ra7 36. Bd6 Ra8 37. Kg2 Rc8 38. h4 Rc2+ 39. Kh3
d4 40. h5 Rc3 41. Kg2 gxh5 42. gxh5 d3 43. h6 Bxh6 0-1

[Event "Frankfurt Ch A 2016"]
[Site "Ffm-Höchst, BiKuZ"]
[Date "2016.05.02"]
[Round "2.15"]
[White "Stock, Jürgen"]
[Black "Fucik, Timo"]
[Result "1/2-1/2"]
[WhiteElo "1780"]
[BlackElo "1985"]
[PlyCount "92"]
[EventDate "2016.??.??"]
[WhiteTeam "SC Eschborn"]
[BlackTeam "SK Ettlingen"]

1. d4 d5 2. e3 Nf6 3. Bd3 e6 4. Nd2 c5 5. c3 Bd6 6. Qe2 O-O 7. Nh3 e5 8. dxe5
Bxe5 9. Ng5 Nc6 10. h4 h6 11. Nf1 Qc7 12. Bd2 hxg5 13. hxg5 Bg4 14. Bh7+ Nxh7
15. Qxg4 f5 16. Qh5 Nxg5 17. Qxg5 Qf7 18. Qh4 g6 19. f4 Bf6 20. Qh3 d4 21.
O-O-O Qg7 22. exd4 cxd4 23. g4 Rac8 24. Kb1 fxg4 25. Qxg4 Ne7 26. cxd4 Rc6 27.
Bb4 Rfc8 28. Bxe7 Bxe7 29. Ne3 Bf6 30. d5 Rc5 31. Rh2 Re8 32. Qg1 Rb5 33. Nc4
Re4 34. Ne5 Rxf4 35. Nxg6 Rfb4 36. b3 Bd4 37. Ne7+ Kf7 38. Qxg7+ Bxg7 39. d6
Rd4 40. Rxd4 Bxd4 41. Rd2 Bf6 42. Rf2 Ke6 43. Nc8 a6 44. Rc2 Be5 45. Rc4 Bxd6
46. Nxd6 Kxd6 1/2-1/2

[Event "Frankfurt Ch A 2016"]
[Site "Ffm-Höchst, BiKuZ"]
[Date "2016.05.02"]
[Round "2.16"]
[White "Nagelsdiek, Ralf"]
[Black "Worzelberger, Armin"]
[Result "1-0"]
[WhiteElo "1983"]
[BlackElo "1810"]
[PlyCount "73"]
[EventDate "2016.??.??"]
[WhiteTeam "SC Bad Soden"]
[BlackTeam "SC Grunbach"]

1. c4 e5 2. g3 h5 3. h4 Nc6 4. Bg2 Nge7 5. Nc3 a6 6. e3 Rb8 7. d4 d6 8. d5 Na7
9. a4 Bf5 10. Nf3 Ng6 11. Ng5 Be7 12. e4 Bd7 13. Bf3 Qc8 14. Bxh5 Rxh5 15. Qxh5
Bg4 16. Qh7 Bxg5 17. Qg8+ Kd7 18. Qxf7+ Ne7 19. Bxg5 Qe8 20. Qxg7 Bf3 21. Bxe7
Qg8 22. Qxg8 Rxg8 23. Rh2 Kxe7 24. Kd2 Nc8 25. Ke3 Bh5 26. Rg1 Nb6 27. b3 Rg4
28. f3 Rg7 29. g4 Nd7 30. a5 Nf6 31. Rhg2 Bg6 32. Ne2 c6 33. Ng3 Kf8 34. g5 Nh5
35. Nxh5 Bxh5 36. Kf2 cxd5 37. exd5 1-0

[Event "Frankfurt Ch A 2016"]
[Site "Ffm-Höchst, BiKuZ"]
[Date "2016.05.02"]
[Round "2.17"]
[White "Benninger, Rudolf"]
[Black "Benikhis, Avram"]
[Result "1-0"]
[WhiteElo "1970"]
[BlackElo "1782"]
[PlyCount "89"]
[EventDate "2016.??.??"]
[WhiteTeam "SC Heusenstamm"]
[BlackTeam "SC Eschbach"]

1. e4 c5 2. c3 d5 3. exd5 Qxd5 4. d4 cxd4 5. cxd4 Nc6 6. Nf3 e6 7. Nc3 Qd8 8.
a3 Nf6 9. Bd3 Be7 10. O-O O-O 11. Re1 a6 12. Bc2 Qa5 13. Qd3 Qh5 14. Ne4 Rd8
15. Neg5 h6 16. Ne4 g6 17. Ng3 Qb5 18. Qxb5 axb5 19. Bxh6 Nxd4 20. Nxd4 Rxd4
21. Rad1 Rxd1 22. Rxd1 Bd7 23. Bg5 Bc6 24. Ne4 Kg7 25. f3 Rd8 26. Rxd8 Bxd8 27.
Nxf6 Bxf6 28. Bxf6+ Kxf6 29. Kf2 e5 30. Ke3 Kg5 31. g3 f5 32. h4+ Kh5 33. Bd1
Kh6 34. f4 e4 35. g4 Kg7 36. Kd4 Bd7 37. gxf5 gxf5 38. Ke5 Kg6 39. Be2 Kg7 40.
Kd6 Bc6 41. Ke6 Kg6 42. h5+ Kh6 43. Kxf5 e3 44. Ke5 Be8 45. Kd4 1-0

[Event "Frankfurt Ch A 2016"]
[Site "Ffm-Höchst, BiKuZ"]
[Date "2016.05.02"]
[Round "2.18"]
[White "Biegel, Thomas"]
[Black "Zerhusen, Martin"]
[Result "1-0"]
[WhiteElo "1946"]
[BlackElo "1684"]
[PlyCount "137"]
[EventDate "2016.??.??"]
[WhiteTeam "SVG Eppstein"]
[BlackTeam "SV Oberursel"]

1. c4 c5 2. Nf3 Nc6 3. d4 cxd4 4. Nxd4 d6 5. e4 Nf6 6. Nc3 g6 7. Be2 Bd7 8. Be3
Bg7 9. O-O O-O 10. Nc2 Qc8 11. f3 Ne5 12. b3 Bc6 13. Qd2 b6 14. Rac1 Rd8 15.
Nb4 Bb7 16. Bg5 Kf8 17. Bxf6 Bxf6 18. Nbd5 Bg7 19. f4 Nd7 20. f5 Bxd5 21. Nxd5
Nf6 22. fxg6 hxg6 23. Qf4 Rb8 24. g4 Qe6 25. Nc7 Qxe4 26. Qxe4 Nxe4 27. Ne6+
Kg8 28. Nxd8 Rxd8 29. Rc2 Be5 30. Bf3 Nc5 31. Rd1 g5 32. Bd5 Kg7 33. Re2 f6 34.
b4 Na6 35. a3 Rd7 36. Rd3 Rd8 37. Rh3 Rh8 38. Rxh8 Kxh8 39. Kg2 Kg7 40. Kf3 Nc7
41. Kg2 Kg6 42. Bc6 Ne6 43. Be4+ Kg7 44. Rc2 Nf4+ 45. Kf3 Ne6 46. Ra2 Bc3 47.
Bd5 Nc7 48. Ke4 Kg6 49. h3 Na6 50. Rc2 Be5 51. Bb7 Nc7 52. c5 bxc5 53. bxc5
dxc5 54. Rxc5 Bg3 55. Bc8 Ne8 56. Kd5 Nc7+ 57. Kc6 Ne8 58. Ra5 Bf2 59. Kd7 Kf7
60. Bb7 Nd6 61. Bd5+ Kf8 62. Ra6 Bb6 63. a4 Nf7 64. Bxf7 Kxf7 65. a5 Bc5 66.
Re6 Bd6 67. a6 Bc5 68. Rc6 Bb6 69. Rxb6 1-0

[Event "Frankfurt Ch A 2016"]
[Site "Ffm-Höchst, BiKuZ"]
[Date "2016.05.02"]
[Round "2.19"]
[White "Beinrucker, Markus"]
[Black "Roggensack, Hans Peter"]
[Result "1/2-1/2"]
[WhiteElo "1824"]
[BlackElo "1992"]
[PlyCount "48"]
[EventDate "2016.??.??"]
[WhiteTeam "SK Niederbrechen"]
[BlackTeam "SF Frankfurt"]

1. d4 d5 2. Bf4 Nf6 3. e3 c5 4. c3 Qb6 5. Qb3 Nc6 6. Nd2 Bf5 7. dxc5 Qxb3 8.
Nxb3 e5 9. Bg3 a6 10. Nf3 Nd7 11. Rd1 Be6 12. Ng5 Nxc5 13. Nxc5 Bxc5 14. Nxe6
fxe6 15. Be2 Be7 16. O-O Bf6 17. f4 O-O 18. f5 exf5 19. Rxd5 Bg5 20. Bxe5 Bxe3+
21. Kh1 f4 22. Bc4 Kh8 23. h4 Nxe5 24. Rxe5 Rfe8 1/2-1/2

[Event "Frankfurt Ch A 2016"]
[Site "Ffm-Höchst, BiKuZ"]
[Date "2016.05.02"]
[Round "2.20"]
[White "Laufenburg, Frank"]
[Black "Egenolf, Dirk"]
[Result "1/2-1/2"]
[WhiteElo "1622"]
[BlackElo "1911"]
[PlyCount "43"]
[EventDate "2016.??.??"]
[WhiteTeam "SC Bergen-Enkheim"]
[BlackTeam "SK Niederbrechen"]

1. b3 e5 2. Bb2 d6 3. e3 Nc6 4. Nf3 e4 5. Nd4 Nxd4 6. Bxd4 c6 7. d3 Nf6 8. dxe4
Nxe4 9. Qf3 Qa5+ 10. b4 Qf5 11. Qxf5 Bxf5 12. f3 Ng5 13. e4 Bd7 14. c4 Ne6 15.
Be3 Nc7 16. Nc3 d5 17. Rb1 dxe4 18. Nxe4 Bf5 19. Bd3 Be7 20. g4 Bg6 21. Ke2 h5
22. h3 1/2-1/2

[Event "Frankfurt Ch A 2016"]
[Site "Ffm-Höchst, BiKuZ"]
[Date "2016.05.02"]
[Round "2.21"]
[White "Crnjac, Zdravko"]
[Black "Rutsatz, Mario"]
[Result "1-0"]
[WhiteElo "1516"]
[BlackElo "1900"]
[PlyCount "80"]
[EventDate "2016.??.??"]
[WhiteTeam "FV Berkersheim"]
[BlackTeam "SF Frankfurt"]

1. g4 e5 2. Bg2 h5 3. e3 hxg4 4. Qxg4 Nf6 5. Qa4 c6 6. c4 Na6 7. Nc3 Bd6 8. h3
Qe7 9. a3 Nc5 10. Qc2 Bc7 11. b4 Ne6 12. Nge2 d6 13. Bb2 Rh4 14. O-O-O Bd7 15.
Ng3 g6 16. d3 O-O-O 17. Na4 Kb8 18. d4 exd4 19. exd4 Nf4 20. Rhe1 Qf8 21. Bf3
Nxh3 22. Qb3 Nxf2 23. Rd2 d5 24. Ne2 N2e4 25. Bc3 Nxd2 26. Bxd2 Ne4 27. Bxe4
Rxe4 28. Nc5 Bc8 29. Nxe4 dxe4 30. Be3 f5 31. Bg5 Rd7 32. Qe3 Qh8 33. Rd1 Rh7
34. Nf4 Rh2 35. Nxg6 Qg8 36. d5 Qxg6 37. d6 Bb6 38. Qf4 Rf2 39. d7+ Rxf4 40.
Bxf4+ Bc7 1-0

[Event "Frankfurt Ch A 2016"]
[Site "Ffm-Höchst, BiKuZ"]
[Date "2016.05.02"]
[Round "2.22"]
[White "Stulken, Dietmar"]
[Black "Zimpfer, Andreas"]
[Result "0-1"]
[WhiteElo "1349"]
[BlackElo "1894"]
[PlyCount "76"]
[EventDate "2016.??.??"]
[WhiteTeam "SF Frankfurt"]
[BlackTeam "SC Matt im Park"]

1. e4 c6 2. d4 d5 3. exd5 cxd5 4. Nf3 Nc6 5. Be2 Bg4 6. h3 Bh5 7. Nc3 e6 8. Be3
Bd6 9. O-O Nge7 10. a3 O-O 11. Nb5 Bb8 12. c4 a6 13. Nc3 Nf5 14. cxd5 Bxf3 15.
Bxf3 Qd6 16. Re1 exd5 17. Kf1 Ba7 18. Nxd5 Ncxd4 19. Bf4 Qc5 20. Rc1 Qb5+ 21.
Kg1 Rad8 22. Ne3 Ne6 23. Qc2 Nfd4 24. Qe4 Nc5 25. Qb1 Nxf3+ 26. gxf3 Nd3 27.
Bc7 Rd7 28. Red1 Nxc1 29. Rxd7 Ne2+ 30. Kh2 Qxd7 31. Be5 f6 32. Bc3 Bxe3 33.
fxe3 Nxc3 34. bxc3 Rd8 35. Qb3+ Qd5 36. Qb6 Qd6+ 37. Qxd6 Rxd6 38. Kg3 Rd3 0-1

[Event "Frankfurt Ch A 2016"]
[Site "Ffm-Höchst, BiKuZ"]
[Date "2016.05.02"]
[Round "2.23"]
[White "Thomele, Michael"]
[Black "Adair, Robin"]
[Result "1-0"]
[WhiteElo "1885"]
[BlackElo "1647"]
[PlyCount "89"]
[EventDate "2016.??.??"]
[WhiteTeam "SC Obernau"]
[BlackTeam "SC Nidderau"]

1. e4 c5 2. Nf3 Nc6 3. d4 cxd4 4. Nxd4 g6 5. Nc3 Bg7 6. Be3 Nf6 7. Be2 O-O 8.
O-O d5 9. Nxc6 bxc6 10. e5 Nd7 11. f4 e6 12. Rb1 c5 13. Bd2 f6 14. exf6 Nxf6
15. Bf3 Rb8 16. b3 Ne8 17. Re1 Nd6 18. Na4 Qc7 19. Kh1 Nf5 20. Nb2 c4 21. Na4
c3 22. Bc1 Bd7 23. Ba3 Qxf4 24. Bxf8 Rxf8 25. Nc5 Qh4 26. g3 Qe7 27. Nxd7 Qxd7
28. Qd3 h5 29. Rf1 Be5 30. Rbe1 Bd4 31. Bg2 e5 32. Bh3 Kg7 33. a4 Rf6 34. g4
hxg4 35. Bxg4 Qf7 36. Qh3 e4 37. Bxf5 gxf5 38. Re2 Kf8 39. Rg2 Ke8 40. Ra1 Bb6
41. Qh8+ Qf8 42. Rg8 d4 43. Rxf8+ Rxf8 44. Qe5+ Kd7 45. a5 1-0

[Event "Frankfurt Ch A 2016"]
[Site "Ffm-Höchst, BiKuZ"]
[Date "2016.05.02"]
[Round "2.24"]
[White "Reschke, Stefan"]
[Black "Höche, Alexander"]
[Result "1-0"]
[WhiteElo "2215"]
[BlackElo "1276"]
[PlyCount "75"]
[EventDate "2016.??.??"]
[WhiteTeam "SV Oberursel"]
[BlackTeam "vereinslos"]

1. d4 Nf6 2. c4 e6 3. g3 d5 4. Nf3 Bb4+ 5. Bd2 Bxd2+ 6. Nbxd2 O-O 7. Bg2 Nbd7
8. Qc2 c6 9. O-O Re8 10. e4 Nxe4 11. Nxe4 dxe4 12. Qxe4 Nf6 13. Qe3 Qc7 14.
Rac1 Bd7 15. Ne5 Rad8 16. Qa3 b6 17. c5 b5 18. Qf3 Rc8 19. a4 a6 20. axb5 axb5
21. Ra1 Re7 22. Ra6 Nd5 23. Qb3 f6 24. Nd3 Be8 25. Re1 Bf7 26. f4 h6 27. Qd1
Qb7 28. Ra1 Qd7 29. Nf2 Ree8 30. Ne4 Ra8 31. Nd6 Rxa1 32. Qxa1 Nb4 33. Be4 Rd8
34. Qa5 Nd5 35. Ra1 g5 36. f5 exf5 37. Bxf5 Be6 38. Bxe6+ 1-0

[Event "Frankfurt Ch A 2016"]
[Site "Ffm-Höchst, BiKuZ"]
[Date "2016.05.02"]
[Round "2.25"]
[White "Felmy, Benjamin"]
[Black "Bittner, Peter"]
[Result "1-0"]
[WhiteElo "2075"]
[BlackElo "1713"]
[Annotator "Schloessner,Henrik"]
[PlyCount "123"]
[EventDate "2016.??.??"]
[WhiteTeam "SC Bad Soden"]
[BlackTeam "SC Nied"]

1. d4 Nf6 2. Nf3 g6 3. c4 Bg7 4. g3 c6 5. Bg2 d5 6. cxd5 cxd5 7. Nc3 O-O 8. Ne5
e6 9. O-O Nfd7 10. f4 Nc6 11. Be3 Nf6 12. Kh1 Bd7 13. Bg1 h5 14. Qd2 Bh6 15. e4
Ne7 16. Qe2 Bc6 17. Nxc6 bxc6 18. e5 Ne8 19. Na4 Ng7 20. Rac1 a5 21. Rc3 Rb8
22. Nc5 Rb5 23. b3 Kh8 24. Qd2 Rg8 25. Bh3 Ngf5 26. Nd3 Qf8 27. Bxf5 gxf5 28.
Nc5 Qe8 29. Qe2 Rg7 30. Qxh5 Rh7 31. Qe2 Bg7 32. Rfc1 Rh6 33. Nd3 Kh7 34. Ne1
Rb8 35. Nf3 Qg8 36. Ng5+ Kh8 37. Rc5 Ra8 38. Bf2 Ra7 39. Be1 a4 40. b4 f6 41.
Nf3 fxe5 42. dxe5 Qe8 43. Nd4 Qa8 44. Nxc6 d4 45. Qg2 Rd7 46. Nxe7 Qxg2+ 47.
Kxg2 d3 48. Bd2 Rxe7 49. Rc7 Bf8 50. Rxe7 Bxe7 51. Rc3 Kg7 52. Rxd3 Rh8 53. Rd7
Kf7 54. Ra7 Rc8 55. Be3 Ke8 56. Bc5 Bxc5 57. bxc5 Rxc5 58. Rxa4 Ke7 59. Ra7+
Kd8 60. a4 Rc6 61. Kh3 Rc2 62. a5 {Nach einigen weiteren Zügen 1-0} 1-0

[Event "Frankfurt Ch A 2016"]
[Site "Ffm-Höchst, BiKuZ"]
[Date "2016.05.02"]
[Round "2.26"]
[White "Götting, Ulrich"]
[Black "Rondonuwu, Grover"]
[Result "0-1"]
[WhiteElo "1652"]
[BlackElo "1976"]
[PlyCount "60"]
[EventDate "2016.??.??"]
[WhiteTeam "SC Bad Soden"]
[BlackTeam "Frankfurter TV"]

1. c4 Nf6 2. Nc3 c5 3. Nf3 Nc6 4. b3 g6 5. Bb2 Bg7 6. e3 O-O 7. Be2 e5 8. d3 d6
9. O-O h6 10. Ne1 Be6 11. Bf3 d5 12. cxd5 Nxd5 13. a3 e4 14. Nxd5 Bxb2 15. dxe4
Bxa1 16. Qxa1 f5 17. Nf4 Bxb3 18. exf5 Rxf5 19. Bxc6 bxc6 20. Nf3 Qf6 21. Qxf6
Rxf6 22. Nd2 c4 23. Ne4 Rf7 24. Nxg6 Bc2 25. f3 Bxe4 26. fxe4 Rxf1+ 27. Kxf1 c3
28. Ke1 Rd8 29. Nf4 c2 30. Ne2 Rd1+ 0-1

[Event "Frankfurt Ch A 2016"]
[Site "Ffm-Höchst, BiKuZ"]
[Date "2016.05.02"]
[Round "2.27"]
[White "Ackermann, Robert"]
[Black "Calvi, Stefan"]
[Result "0-1"]
[WhiteElo "1658"]
[BlackElo "1974"]
[PlyCount "78"]
[EventDate "2016.??.??"]
[WhiteTeam "SC Bad Soden"]
[BlackTeam "SF Frankfurt"]

1. d4 Nf6 2. c4 g6 3. Nc3 Bg7 4. e4 d6 5. Nf3 O-O 6. Be2 e5 7. O-O Na6 8. Bg5
Qe8 9. dxe5 dxe5 10. a3 h6 11. Be3 Qe7 12. Qc2 c6 13. Rac1 Ng4 14. Bd2 f5 15.
h3 Nf6 16. exf5 gxf5 17. b4 Nh7 18. Na4 e4 19. Ne1 Kh8 20. b5 Nc7 21. Bb4 Qg5
22. Bxf8 Nxf8 23. Rd1 Nce6 24. Kh1 Nd4 25. Rxd4 Bxd4 26. Qd1 Ne6 27. Nc2 Be5
28. Ne3 f4 29. Ng4 Bd4 30. c5 Bd7 31. Bc4 Rd8 32. Qe2 cxb5 33. Bxe6 Bxe6 34.
Qxe4 Bxg4 35. hxg4 bxa4 36. Qf3 Bxc5 37. Re1 Qf6 38. g3 Qc6 39. Re4 fxg3 0-1

[Event "Frankfurt Ch A 2016"]
[Site "Ffm-Höchst, BiKuZ"]
[Date "2016.05.02"]
[Round "2.28"]
[White "Pfeffer, Marko"]
[Black "Diehl, Stefan"]
[Result "0-1"]
[WhiteElo "1972"]
[BlackElo "1699"]
[PlyCount "82"]
[EventDate "2016.??.??"]
[WhiteTeam "SC Bergen-Enkheim"]
[BlackTeam "SC Höchst"]

1. e4 d5 2. exd5 Qxd5 3. Nc3 Qa5 4. Bc4 Nf6 5. d3 Bg4 6. f3 Bd7 7. Bd2 c6 8.
Qe2 Qc7 9. g4 b5 10. Bb3 a5 11. a4 b4 12. Ne4 Na6 13. O-O-O Nd5 14. Nh3 h5 15.
Nhf2 hxg4 16. fxg4 Rxh2 17. Rxh2 Qxh2 18. Rh1 Qc7 19. d4 Be6 20. Kb1 Qb7 21.
Nd3 c5 22. dxc5 Nf6 23. Nxf6+ gxf6 24. Rc1 Bxb3 25. cxb3 Rc8 26. Be3 Qe4 27.
Ka2 Bh6 28. Nf2 Qxe3 29. Qb5+ Kf8 30. Qxa6 Rxc5 31. Rxc5 Qxc5 32. Nd3 Qc2 33.
Qa8+ Kg7 34. Qd5 e6 35. Qc4 Qe2 36. Qb5 Be3 37. Qd7 Qxg4 38. Ne1 Qd4 39. Qc6
Qd5 40. Qc2 Qd2 41. Qb1 Qc1 0-1

[Event "Frankfurt Ch A 2016"]
[Site "Ffm-Höchst, BiKuZ"]
[Date "2016.05.02"]
[Round "2.29"]
[White "Thede, Stefan"]
[Black "Ortinau, Peter"]
[Result "0-1"]
[WhiteElo "1645"]
[BlackElo "1963"]
[PlyCount "65"]
[EventDate "2016.??.??"]
[WhiteTeam "SV Frankfurt Nord"]
[BlackTeam "Frankfurter TV"]

1. Nf3 d5 2. d3 c5 3. g3 Nc6 4. Bg2 e5 5. O-O f6 6. Nbd2 Be6 7. c3 Qd7 8. e4 d4
9. Qc2 g5 10. Re1 Nge7 11. a3 Ng6 12. Kh1 h5 13. h4 gxh4 14. Nxh4 Nxh4 15. gxh4
Rg8 16. Rg1 Bh6 17. Nf1 Bxc1 18. Rxc1 Rg4 19. Qd2 Rxh4+ 20. Nh2 Rf4 21. Bf3 Bg4
22. Qe2 Bxf3+ 23. Nxf3 Rh4+ 24. Nh2 O-O-O 25. Rg3 Rh3 26. Rcg1 dxc3 27. bxc3
Rxg3 28. Rxg3 h4 29. Rg6 Qxd3 30. Qg4+ Kb8 31. Qxh4 Qxc3 32. Qxf6 Qh3 33. Rh6
0-1

[Event "Frankfurt Ch A 2016"]
[Site "Ffm-Höchst, BiKuZ"]
[Date "2016.05.02"]
[Round "2.30"]
[White "Koch, Thomas"]
[Black "Gräbner, Walter"]
[Result "0-1"]
[WhiteElo "1632"]
[BlackElo "1949"]
[PlyCount "100"]
[EventDate "2016.??.??"]
[WhiteTeam "SV Ffm-Griesheim"]
[BlackTeam "SC Nied"]

1. e4 d5 2. exd5 Nf6 3. Nc3 Nxd5 4. Nxd5 Qxd5 5. c4 Qd6 6. d4 c5 7. Be3 cxd4 8.
Qxd4 Qxd4 9. Bxd4 Nc6 10. Bc3 e5 11. O-O-O Bc5 12. Nf3 f6 13. Rd2 Be6 14. a3 a5
15. Bd3 O-O 16. Rhd1 a4 17. h3 Rfc8 18. Ne1 Bd4 19. Rc2 Bxc3 20. Rxc3 Na5 21.
c5 Nb3+ 22. Kb1 Rxc5 23. Rxc5 Nxc5 24. Bb5 Kf7 25. Rc1 b6 26. Rd1 Ke7 27. Nf3
Bb3 28. Rd2 Ra7 29. Re2 Ne6 30. g3 Rc7 31. Rd2 g6 32. h4 h5 33. Bd3 Bd5 34. Ne1
e4 35. Bc2 Bc6 36. Ng2 f5 37. Ne3 b5 38. Nd5+ Bxd5 39. Rxd5 Rc5 40. Rd2 Re5 41.
b3 e3 42. fxe3 axb3 43. Bxb3 Rxe3 44. Kb2 Nc5 45. Bg8 Rxg3 46. Rd5 Na4+ 47. Kc2
Rc3+ 48. Kd2 Rc8 49. Bh7 Nc3 50. Kd3 Nxd5 0-1

[Event "Frankfurt Ch A 2016"]
[Site "Ffm-Höchst, BiKuZ"]
[Date "2016.05.02"]
[Round "2.31"]
[White "Münstermann, Matthias"]
[Black "Breitwieser, Jasmin"]
[Result "0-1"]
[WhiteElo "1529"]
[BlackElo "1940"]
[PlyCount "30"]
[EventDate "2016.??.??"]
[WhiteTeam "SK Langen"]
[BlackTeam "SF Frankfurt"]

1. e4 c5 2. Nf3 e6 3. d4 cxd4 4. Nxd4 Nc6 5. Nc3 a6 6. Be3 Qc7 7. Be2 Nf6 8.
O-O b5 9. a3 Bb7 10. f4 Bc5 11. b4 Bb6 12. e5 Nxe5 13. fxe5 Qxc3 14. Qd3 Qxd3
15. Bxd3 Ng4 0-1

[Event "Frankfurt Ch A 2016"]
[Site "Ffm-Höchst, BiKuZ"]
[Date "2016.05.02"]
[Round "2.32"]
[White "Budde, Michael"]
[Black "Spies, Wolfgang"]
[Result "1-0"]
[WhiteElo "1934"]
[BlackElo "1647"]
[PlyCount "49"]
[EventDate "2016.??.??"]
[WhiteTeam "SC Flörsheim"]
[BlackTeam "Kreuznacher SV"]

1. d4 g6 2. Bf4 Bg7 3. e3 Nf6 4. Nd2 d6 5. h3 Nbd7 6. Ngf3 c5 7. c3 a6 8. a4 b6
9. Be2 Bb7 10. O-O O-O 11. Qc2 Rc8 12. Rfe1 Re8 13. Rad1 Nh5 14. Bh2 e5 15.
dxe5 dxe5 16. Nc4 Qe7 17. Nd6 e4 18. Nxc8 Bxc8 19. Nd2 Be5 20. Bxe5 Qxe5 21.
Nc4 Qg5 22. Nd6 Ndf6 23. Nxe8 Nxe8 24. Qxe4 Nef6 25. Qa8 1-0

[Event "Frankfurt Ch A 2016"]
[Site "Ffm-Höchst, BiKuZ"]
[Date "2016.05.02"]
[Round "2.33"]
[White "Kellerwessel, Ralf"]
[Black "John, Volkmar"]
[Result "1-0"]
[WhiteElo "1923"]
[BlackElo "1625"]
[PlyCount "55"]
[EventDate "2016.??.??"]
[WhiteTeam "SC Bad Soden"]
[BlackTeam "SK Herborn"]

1. e4 c5 2. Nc3 g6 3. d3 Nc6 4. g4 Bg7 5. Bg2 e6 6. Nge2 Nge7 7. Ng3 d5 8. O-O
O-O 9. Bd2 a6 10. a4 Rb8 11. Qc1 Nd4 12. Bg5 f6 13. Be3 b5 14. axb5 axb5 15.
Nce2 Nxe2+ 16. Nxe2 Qc7 17. exd5 e5 18. h3 c4 19. Ra7 Qd6 20. dxc4 bxc4 21. Nc3
f5 22. Bg5 Bf6 23. Bxf6 Rxf6 24. Qa1 Bb7 25. Rd1 Qb6 26. Rxb7 Rxb7 27. d6 e4
28. dxe7 1-0

[Event "Frankfurt Ch A 2016"]
[Site "Ffm-Höchst, BiKuZ"]
[Date "2016.05.02"]
[Round "2.34"]
[White "Kuhn, Gerhard"]
[Black "Staeger, Tim"]
[Result "1-0"]
[WhiteElo "1901"]
[BlackElo "1621"]
[PlyCount "27"]
[EventDate "2016.??.??"]
[WhiteTeam "SK Marburg"]
[BlackTeam "SF Frankfurt"]

1. e4 e5 2. Nf3 Nc6 3. Nc3 Nf6 4. d4 Bb4 5. Nxe5 Nxe5 6. dxe5 Nxe4 7. Qg4 Nxc3
8. Qxg7 Rf8 9. a3 Qh4 10. axb4 Qxb4 11. Bh6 Ne4+ 12. c3 Nxc3 13. Qxf8+ Qxf8 14.
Bxf8 1-0

[Event "Frankfurt Ch A 2016"]
[Site "Ffm-Höchst, BiKuZ"]
[Date "2016.05.02"]
[Round "2.35"]
[White "Beinrucker, Clemens"]
[Black "Wagner, Günter"]
[Result "1-0"]
[WhiteElo "1899"]
[BlackElo "1592"]
[PlyCount "103"]
[EventDate "2016.??.??"]
[WhiteTeam "SK Niederbrechen"]
[BlackTeam "SV Groß-Gerau"]

1. e4 d6 2. d4 Nf6 3. Bd3 g6 4. c3 Bg7 5. Bf4 O-O 6. Qd2 Na6 7. Ne2 c5 8. O-O
Nc7 9. Na3 a6 10. Rad1 Ne6 11. dxc5 Nxc5 12. Ng3 Be6 13. c4 Nfd7 14. Bb1 Ne5
15. b3 Bd7 16. Be3 Bc6 17. h3 b5 18. f4 Ned7 19. Bd4 Nf6 20. Rfe1 Ne6 21. Bf2
Bh6 22. Be3 Bg7 23. f5 Nc5 24. e5 Nfe4 25. Nxe4 Nxe4 26. Bxe4 Bxe4 27. exd6
exd6 28. fxg6 Bxg6 29. cxb5 axb5 30. Nxb5 Qh4 31. a4 Be5 32. Bf2 Qf6 33. Rc1
Bf5 34. Nc7 Rad8 35. Nd5 Qg7 36. Ne7+ Kh8 37. Nxf5 Qf6 38. Qd3 Rg8 39. Bh4 Qg6
40. Qf3 Rb8 41. Ne7 Qh6 42. Nxg8 Qxh4 43. Rxe5 Qd4+ 44. Re3 Rxg8 45. Rce1 Rg6
46. Qxf7 Rf6 47. Qe8+ Kg7 48. Qe4 Qc5 49. Kh2 Rg6 50. Qe7+ Kh6 51. Qh4+ Kg7 52.
Re7+ 1-0

[Event "Frankfurt Ch A 2016"]
[Site "Ffm-Höchst, BiKuZ"]
[Date "2016.05.02"]
[Round "2.36"]
[White "Klamser, Dietmar"]
[Black "Bergner, Matthias"]
[Result "1-0"]
[WhiteElo "1809"]
[BlackElo "1571"]
[PlyCount "95"]
[EventDate "2016.??.??"]
[WhiteTeam "SC Groß-Umstadt"]
[BlackTeam "SV Neu-Isenburg"]

1. e4 e6 2. d4 d5 3. exd5 exd5 4. Nc3 Nf6 5. Bf4 Bd6 6. Qe2+ Qe7 7. Bxd6 Qxe2+
8. Ngxe2 cxd6 9. Nb5 Kd7 10. f3 a6 11. Nbc3 Nc6 12. O-O-O Kc7 13. g4 h6 14. Bg2
Re8 15. h4 Be6 16. g5 Nd7 17. Nf4 Nb6 18. Nh5 hxg5 19. hxg5 g6 20. Nf6 Rh8 21.
f4 Ne7 22. Rde1 Kc6 23. b3 Nd7 24. Ncxd5 Bxd5 25. Nxd5 Nxd5 26. c4 N7b6 27.
cxd5+ Kd7 28. Kd2 Rxh1 29. Rxh1 Ke7 30. Re1+ Kf8 31. Rc1 Rb8 32. Rc7 Ke8 33.
Kd3 Na8 34. Rc1 Nb6 35. Rh1 Ke7 36. Re1+ Kd8 37. Ke4 Na8 38. Bh3 Nc7 39. f5
gxf5+ 40. Bxf5 Ne8 41. Rh1 Ke7 42. Rh8 Rd8 43. Rh7 Kf8 44. Rh1 Ke7 45. Rc1 a5
46. Bc8 b6 47. Rc6 f6 48. g6 1-0

[Event "Frankfurt Ch A 2016"]
[Site "Ffm-Höchst, BiKuZ"]
[Date "2016.05.02"]
[Round "2.37"]
[White "Medvedovski, Michael"]
[Black "Masoudi, Kian"]
[Result "0-1"]
[WhiteElo "1995"]
[BlackElo "1361"]
[PlyCount "72"]
[EventDate "2016.??.??"]
[WhiteTeam "Frankfurter TV"]
[BlackTeam "SC Bergen-Enkheim"]

1. e4 e5 2. Nf3 Nc6 3. Bc4 Nf6 4. d4 exd4 5. O-O Nxe4 6. Re1 d5 7. Bxd5 Qxd5 8.
Nc3 Qh5 9. Nxe4 Be6 10. Bg5 Bd6 11. c3 O-O 12. h3 dxc3 13. bxc3 Be7 14. Bxe7
Nxe7 15. Neg5 Rad8 16. Qc1 Rd6 17. Rb1 b6 18. Nd4 Nc8 19. Ndxe6 fxe6 20. Nxe6
Rf7 21. Rb4 Qg6 22. Rbe4 Re7 23. Ng5 Rxe4 24. Nxe4 Re6 25. Nd2 Nd6 26. Nf3 c5
27. Rxe6 Qxe6 28. Qd2 h6 29. Kf1 Qc4+ 30. Kg1 Qe6 31. Qf4 Nf7 32. Qb8+ Kh7 33.
Qxa7 Qf6 34. a4 Ng5 35. Nxg5+ hxg5 36. Qxb6 Qxb6 0-1

[Event "Frankfurt Ch A 2016"]
[Site "Ffm-Höchst, BiKuZ"]
[Date "2016.05.02"]
[Round "2.38"]
[White "Kolker, Vladislav"]
[Black "Heun, Andreas"]
[Result "1-0"]
[WhiteElo "1957"]
[BlackElo "1662"]
[PlyCount "25"]
[EventDate "2016.??.??"]
[WhiteTeam "SC Bad Nauheim"]
[BlackTeam "SC Ladja Roßdorf"]

1. e4 d5 2. exd5 Qxd5 3. Nc3 Qa5 4. d4 c6 5. Bc4 Nf6 6. Qe2 Bf5 7. Bd2 Qc7 8.
Nf3 e6 9. Ne5 Bd6 10. g4 Bg6 11. h4 Nbd7 12. h5 Bxc2 13. Nxf7 1-0